[Event "Titled Tuesday intern op 22nd Sept"]
[Site "Chess.com INT"]
[Date "2020.09.22"]
[Round "2"]
[White "Gahan, MG."]
[Black "Karjakin, Sergey"]
[Result "0-1"]
[WhiteElo "2229"]
[BlackElo "2752"]
[PlyCount "108"]
[EventDate "2020.09.22"]
[EventType "swiss (blitz)"]
[EventRounds "10"]
[EventCountry "USA"]
[SourceTitle "EXT 2021"]
[Source "ChessBase"]
[SourceDate "2020.10.23"]
[SourceVersion "1"]
[SourceVersionDate "2020.10.23"]
[SourceQuality "1"]

1. e4 c6 2. d4 d5 3. exd5 cxd5 4. c4 Nf6 5. Nc3 e6 6. Nf3 Bb4 7. Bg5 h6 8. Bh4
O-O 9. Bd3 dxc4 10. Bxc4 b6 11. O-O Bb7 12. Re1 Nc6 13. Qb3 Be7 14. Qd1 Nb4 15.
a3 Nbd5 16. Rc1 Rc8 17. Nxd5 Bxd5 18. Be2 Qd7 19. Ne5 Qb7 20. Bf1 Rxc1 21. Qxc1
Rc8 22. Qe3 Rc2 23. Re2 Qc7 24. Rxc2 Qxc2 25. Qe2 Qxe2 26. Bxe2 Kf8 27. f3 Nh5
28. Bxe7+ Kxe7 29. Kf2 Nf4 30. Bb5 f6 31. Nd3 Ng6 32. Nb4 Kd6 33. Ke3 Nh4 34.
g3 Nf5+ 35. Kd3 Bxf3 36. Kc3 g5 37. Nd3 Ne3 38. Nf2 f5 39. b4 g4 40. a4 Nd5+
41. Kb3 Ke7 42. Bc4 Nf6 43. a5 Bd5 44. Nd3 Kd6 45. Nf4 Bxc4+ 46. Kxc4 bxa5 47.
bxa5 a6 48. Nd3 Nd5 49. Nc5 Nc7 50. Nb7+ Kc6 51. Nc5 h5 52. Nd3 Nd5 53. Nc5
Ne3+ 54. Kd3 Nf1 0-1

[Event "Titled Tuesday intern op 22nd Sept"]
[Site "Chess.com INT"]
[Date "2020.09.22"]
[Round "4"]
[White "Hammer, Jon Ludvig"]
[Black "Karjakin, Sergey"]
[Result "0-1"]
[WhiteElo "2608"]
[BlackElo "2752"]
[PlyCount "84"]
[EventDate "2020.09.22"]
[EventType "swiss (blitz)"]
[EventRounds "10"]
[EventCountry "USA"]
[SourceTitle "EXT 2021"]
[Source "ChessBase"]
[SourceDate "2020.10.23"]
[SourceVersion "1"]
[SourceVersionDate "2020.10.23"]
[SourceQuality "1"]

1. e4 c6 2. Nf3 d5 3. Nc3 dxe4 4. Nxe4 Nf6 5. Qe2 Qd5 6. Nxf6+ gxf6 7. g3 Na6
8. Bg2 Nb4 9. d3 Bg4 10. Kd1 O-O-O 11. Bd2 e5 12. a3 Na6 13. Kc1 Nc5 14. Re1 h5
15. h3 Be6 16. a4 Qd7 17. h4 Bf5 18. a5 Ne6 19. Be3 Kb8 20. Nd2 Bg4 21. Qf1 Bb4
22. c3 Be7 23. Kc2 Nc5 24. Bxc5 Bxc5 25. Ne4 Be7 26. f3 Be6 27. Red1 Qc7 28.
Qf2 Rhg8 29. b4 f5 30. Nc5 Bc8 31. Bf1 f4 32. gxf4 exf4 33. d4 Rg3 34. Bd3 Bxh4
35. Qh2 Rh3 36. Qg2 Bg3 37. Rh1 Rxh1 38. Rxh1 h4 39. Qd2 Rh8 40. Be4 h3 41. Qd3
Rd8 42. b5 h2 0-1

[Event "Titled Tuesday intern op 22nd Sept"]
[Site "Chess.com INT"]
[Date "2020.09.22"]
[Round "5"]
[White "Karjakin, Sergey"]
[Black "Holt, Conrad"]
[Result "0-1"]
[WhiteElo "2752"]
[BlackElo "2549"]
[PlyCount "94"]
[EventDate "2020.09.22"]
[EventType "swiss (blitz)"]
[EventRounds "10"]
[EventCountry "USA"]
[SourceTitle "EXT 2021"]
[Source "ChessBase"]
[SourceDate "2020.10.23"]
[SourceVersion "1"]
[SourceVersionDate "2020.10.23"]
[SourceQuality "1"]

1. e4 e6 2. d3 d5 3. Nd2 c5 4. g3 Bd6 5. Bg2 Ne7 6. f4 f6 7. Ngf3 Nbc6 8. O-O
O-O 9. c3 b5 10. Re1 Rb8 11. Nh4 d4 12. c4 a6 13. Bh3 Nb4 14. Bf1 e5 15. f5 Bd7
16. g4 Nc8 17. Nhf3 Nb6 18. b3 bxc4 19. Nxc4 Nxc4 20. dxc4 a5 21. a3 Nc6 22. a4
Qb6 23. Rb1 Nb4 24. Bd2 Rbd8 25. g5 d3 26. Bxb4 cxb4+ 27. Kg2 fxg5 28. Nxg5 Be7
29. Nf3 Be8 30. Bxd3 Bh5 31. c5 Bxc5 32. Bc4+ Kh8 33. Qc2 Qh6 34. Bd5 Bxf3+ 35.
Kxf3 Qh3+ 36. Ke2 Rc8 37. Qd3 Qxh2+ 38. Kd1 Bd4 39. Rc1 Rc3 40. Rxc3 Bxc3 41.
Re2 Qg1+ 42. Kc2 Qa1 43. Qb5 Qb2+ 44. Kd3 Qb1+ 45. Kc4 Rc8+ 46. Bc6 Qd1 47. Kc5
Qd4# 0-1

[Event "Titled Tuesday intern op 22nd Sept"]
[Site "Chess.com INT"]
[Date "2020.09.22"]
[Round "6"]
[White "Karjakin, Sergey"]
[Black "Triapishko, Alexandr"]
[Result "1-0"]
[WhiteElo "2752"]
[BlackElo "2506"]
[PlyCount "79"]
[EventDate "2020.09.22"]
[EventType "swiss (blitz)"]
[EventRounds "10"]
[EventCountry "USA"]
[SourceTitle "EXT 2021"]
[Source "ChessBase"]
[SourceDate "2020.10.23"]
[SourceVersion "1"]
[SourceVersionDate "2020.10.23"]
[SourceQuality "1"]

1. b3 Nf6 2. Bb2 g6 3. g3 Bg7 4. Bg2 O-O 5. c4 d6 6. Nc3 e5 7. Nf3 Nc6 8. O-O
Bf5 9. d3 Qd7 10. Nd2 Bh3 11. a3 Bxg2 12. Kxg2 Ne7 13. b4 c6 14. e4 d5 15. Nf3
Rad8 16. Qc2 d4 17. Ne2 Nh5 18. c5 h6 19. Rae1 f5 20. exf5 Qd5 21. Nc1 Nxf5 22.
Qb3 Nf4+ 23. gxf4 Nh4+ 24. Kg3 Qxb3 25. Nxb3 Nxf3 26. Kxf3 Rxf4+ 27. Kg2 Rdf8
28. Nd2 Rg4+ 29. Kh1 h5 30. Re2 Bh6 31. Nc4 Bf4 32. Rg1 Rh4 33. Rxg6+ Kh7 34.
Rg2 Rg8 35. Rxg8 Kxg8 36. Nxe5 Rxh2+ 37. Kg1 Rh3 38. Bxd4 Bxe5 39. Bxe5 Rxd3
40. Re3 1-0

[Event "Titled Tuesday intern op 22nd Sept"]
[Site "Chess.com INT"]
[Date "2020.09.22"]
[Round "7"]
[White "Zierk, Steven C"]
[Black "Karjakin, Sergey"]
[Result "0-1"]
[WhiteElo "2499"]
[BlackElo "2752"]
[PlyCount "64"]
[EventDate "2020.09.22"]
[EventType "swiss (blitz)"]
[EventRounds "10"]
[EventCountry "USA"]
[SourceTitle "EXT 2021"]
[Source "ChessBase"]
[SourceDate "2020.10.23"]
[SourceVersion "1"]
[SourceVersionDate "2020.10.23"]
[SourceQuality "1"]

1. e4 c6 2. d4 d5 3. exd5 cxd5 4. Bd3 Nc6 5. c3 Nf6 6. Bf4 Bg4 7. Qb3 Na5 8.
Qa4+ Bd7 9. Qc2 a6 10. Nf3 Bb5 11. Bxb5+ axb5 12. O-O e6 13. Qe2 Qb6 14. Nbd2
Be7 15. a4 b4 16. Qb5+ Qxb5 17. axb5 O-O 18. Bc7 Nc4 19. b6 Nxb2 20. cxb4 Na4
21. Ne5 Bxb4 22. Nb3 Rfc8 23. Nd3 Bc3 24. Rac1 Ne8 25. Ndc5 Nxc7 26. Nxa4 Rxa4
27. Rxc3 Rc4 28. Rxc4 dxc4 29. Nc5 Nd5 30. Rb1 c3 31. Kf1 e5 32. Nxb7 exd4 0-1

[Event "Titled Tuesday intern op 22nd Sept"]
[Site "Chess.com INT"]
[Date "2020.09.22"]
[Round "8"]
[White "Karjakin, Sergey"]
[Black "Fier, Alexandr"]
[Result "0-1"]
[WhiteElo "2752"]
[BlackElo "2560"]
[PlyCount "62"]
[EventDate "2020.09.22"]
[EventType "swiss (blitz)"]
[EventRounds "10"]
[EventCountry "USA"]
[SourceTitle "EXT 2021"]
[Source "ChessBase"]
[SourceDate "2020.10.23"]
[SourceVersion "1"]
[SourceVersionDate "2020.10.23"]
[SourceQuality "1"]

1. e4 Nf6 2. e5 Nd5 3. d4 d6 4. Nf3 g6 5. Bc4 Nb6 6. Bb3 Bg7 7. O-O O-O 8. h3
Nc6 9. Qe2 Na5 10. Nc3 Nxb3 11. axb3 a5 12. Re1 Bd7 13. Bg5 f6 14. Bh4 g5 15.
Bg3 h6 16. h4 Qe8 17. hxg5 fxg5 18. Nd2 Bf5 19. Nc4 Nxc4 20. Qxc4+ e6 21. d5
Qg6 22. exd6 cxd6 23. dxe6 Kh8 24. e7 Rfe8 25. Nb5 Rac8 26. Qd5 Bxb2 27. Ra2
Rc5 28. Qxb7 Be5 29. Rxa5 Bxg3 30. fxg3 Rxc2 31. Ra8 Kh7 0-1

[Event "Titled Tuesday intern op 22nd Sept"]
[Site "Chess.com INT"]
[Date "2020.09.22"]
[Round "9"]
[White "Gumularz, Szymon"]
[Black "Karjakin, Sergey"]
[Result "0-1"]
[WhiteElo "2518"]
[BlackElo "2752"]
[PlyCount "58"]
[EventDate "2020.09.22"]
[EventType "swiss (blitz)"]
[EventRounds "10"]
[EventCountry "USA"]
[SourceTitle "EXT 2021"]
[Source "ChessBase"]
[SourceDate "2020.10.23"]
[SourceVersion "1"]
[SourceVersionDate "2020.10.23"]
[SourceQuality "1"]

1. d4 b6 2. c4 Bb7 3. Nc3 e6 4. Nf3 f5 5. g3 Nf6 6. Bg2 Bb4 7. Bd2 O-O 8. O-O
Qe8 9. Rc1 Bxc3 10. Bxc3 d6 11. d5 e5 12. Nd2 a5 13. h3 Na6 14. f4 exf4 15.
gxf4 Nc5 16. Qe1 c6 17. dxc6 Bxc6 18. Bxc6 Qxc6 19. Nf3 Nfe4 20. Bd4 Rae8 21.
Kh2 Ne6 22. e3 Rf7 23. Rg1 Rfe7 24. Qh4 Nd2 25. Nxd2 Nxd4 26. Rg2 Rxe3 27. Rcg1
Re2 28. Qh5 g6 29. Qh6 Rxd2 0-1

[Event "Titled Tuesday intern op 22nd Sept"]
[Site "Chess.com INT"]
[Date "2020.09.22"]
[Round "10"]
[White "Karjakin, Sergey"]
[Black "Paravyan, David"]
[Result "0-1"]
[WhiteElo "2752"]
[BlackElo "2653"]
[PlyCount "56"]
[EventDate "2020.09.22"]
[EventType "swiss (blitz)"]
[EventRounds "10"]
[EventCountry "USA"]
[SourceTitle "EXT 2021"]
[Source "ChessBase"]
[SourceDate "2020.10.23"]
[SourceVersion "1"]
[SourceVersionDate "2020.10.23"]
[SourceQuality "1"]

1. e4 c5 2. Ne2 Nf6 3. Nbc3 d6 4. d4 cxd4 5. Nxd4 a6 6. Bd3 g6 7. Be3 Ng4 8.
Bg5 Nc6 9. Nb3 h6 10. Bh4 Bg7 11. Qd2 Be6 12. f3 Nge5 13. O-O g5 14. Bf2 O-O
15. Rae1 Nc4 16. Qc1 Rc8 17. h4 g4 18. f4 Nb4 19. f5 Nxb2 20. Bd4 Bxb3 21. Bxg7
Qb6+ 22. Kh1 Kxg7 23. f6+ exf6 24. Rxf6 Kxf6 25. e5+ Kg7 26. Qf4 dxe5 27. Qxg4+
Kh8 28. Qe4 N2xd3 0-1

[Event "Titled Tuesday intern op 29th Sept"]
[Site "chess.com INT"]
[Date "2020.09.29"]
[Round "1"]
[White "Karjakin, Sergey"]
[Black "Mickiewicz, Piotr"]
[Result "1-0"]
[WhiteElo "2752"]
[BlackElo "2206"]
[PlyCount "75"]
[EventDate "2020.09.29"]
[EventType "swiss (blitz)"]
[EventRounds "10"]
[EventCountry "USA"]
[SourceTitle "EXT 2021"]
[Source "ChessBase"]
[SourceDate "2020.10.23"]
[SourceVersion "1"]
[SourceVersionDate "2020.10.23"]
[SourceQuality "1"]

1. e4 c5 2. Nf3 Nc6 3. Bb5 g6 4. Nc3 Bg7 5. O-O d6 6. d3 e5 7. a3 Nge7 8. b4
O-O 9. bxc5 dxc5 10. Bc4 h6 11. Nd5 Be6 12. Nxe7+ Qxe7 13. Bd5 Bxd5 14. exd5
Nd4 15. Rb1 b6 16. Nd2 Qd7 17. c3 Nf5 18. c4 Rae8 19. Bb2 h5 20. Re1 Nd4 21. a4
Bh6 22. Bxd4 exd4 23. Rxe8 Rxe8 24. Nf3 g5 25. g3 g4 26. Nh4 Bg5 27. Ng2 Qe7
28. Qb3 Qe2 29. Re1 Qxe1+ 30. Nxe1 Rxe1+ 31. Kg2 Re2 32. Kf1 Rd2 33. d6 Kg7 34.
d7 Bd8 35. a5 Kf6 36. axb6 axb6 37. Qb1 b5 38. Ke1 1-0

[Event "Speed Chess Super Swiss"]
[Site "chess.com INT"]
[Date "2020.10.03"]
[Round "1"]
[White "Leiva Rodriguez, Jeammarco Giuseppe"]
[Black "Karjakin, Sergey"]
[Result "0-1"]
[WhiteElo "2391"]
[BlackElo "2752"]
[PlyCount "90"]
[EventDate "2020.10.03"]
[EventType "swiss (blitz)"]
[EventRounds "15"]
[EventCountry "USA"]
[SourceTitle "EXT 2021"]
[Source "ChessBase"]
[SourceDate "2020.10.23"]
[SourceVersion "1"]
[SourceVersionDate "2020.10.23"]
[SourceQuality "1"]

1. d4 Nf6 2. Nf3 d5 3. c4 e6 4. e3 Be7 5. Nc3 O-O 6. Bd3 c5 7. cxd5 exd5 8.
dxc5 Bxc5 9. O-O Nc6 10. b3 Bg4 11. Bb2 a6 12. Rc1 Ba7 13. Be2 Re8 14. Nd4 Bxd4
15. Bxg4 Be5 16. Bf3 Qa5 17. a3 Rad8 18. b4 Qc7 19. b5 axb5 20. Nxb5 Qb8 21.
Bxe5 Qxe5 22. Nd4 Qd6 23. a4 g6 24. Nb5 Qe7 25. g3 Ra8 26. Rb1 Red8 27. Re1 Ne5
28. Bg2 Ne4 29. Re2 Nc4 30. Rc2 Rxa4 31. Bxe4 dxe4 32. Nd4 Ne5 33. Rc5 Nf3+ 34.
Kg2 Qxc5 35. Qxa4 Qh5 36. Nxf3 exf3+ 37. Kh1 Qh3 38. Rg1 Rd5 39. Qf4 Qf5 40.
Qb8+ Kg7 41. g4 Qc2 42. Qxb7 Rd2 43. Qxf3 Rxf2 44. Qg3 Qe4+ 45. Rg2 Rf1# 0-1

[Event "Speed Chess Super Swiss"]
[Site "chess.com INT"]
[Date "2020.10.03"]
[Round "3"]
[White "Gukesh, Dommaraju"]
[Black "Karjakin, Sergey"]
[Result "1/2-1/2"]
[WhiteElo "2563"]
[BlackElo "2752"]
[PlyCount "121"]
[EventDate "2020.10.03"]
[EventType "swiss (blitz)"]
[EventRounds "15"]
[EventCountry "USA"]
[SourceTitle "EXT 2021"]
[Source "ChessBase"]
[SourceDate "2020.10.23"]
[SourceVersion "1"]
[SourceVersionDate "2020.10.23"]
[SourceQuality "1"]

1. d4 Nf6 2. Nf3 d5 3. Bf4 c5 4. e3 Nc6 5. Nbd2 e6 6. c3 Bd6 7. Bg3 O-O 8. Bb5
Qe7 9. Bxc6 bxc6 10. Qa4 Bxg3 11. hxg3 cxd4 12. cxd4 Rb8 13. b3 c5 14. Qa3 Rb4
15. Rc1 cxd4 16. Nxd4 Rb7 17. Qxe7 Rxe7 18. Nc6 Rc7 19. O-O Ba6 20. Nb4 Rxc1
21. Rxc1 Rc8 22. Rxc8+ Bxc8 23. Nc6 Kf8 24. Nxa7 Bd7 25. b4 Ke7 26. b5 Kd6 27.
b6 Bc6 28. Nb3 Nd7 29. Na5 Ba4 30. Nc8+ Kc5 31. b7 Nb8 32. Nb3+ Kc6 33. Nd4+
Kc7 34. f4 Bd7 35. g4 f6 36. Ne7 Kxb7 37. g5 Na6 38. gxf6 gxf6 39. Ng8 e5 40.
fxe5 fxe5 41. Nf3 e4 42. Nd4 Nc5 43. Nf6 h6 44. Nxd7 Nxd7 45. Kf2 Ne5 46. Nf5
h5 47. Ne7 Ng4+ 48. Ke2 Nf6 49. Kd2 Kb6 50. Kc3 Kc5 51. a4 Ng4 52. a5 Nxe3 53.
a6 Kb6 54. Kd4 Nxg2 55. Nxd5+ Kxa6 56. Kxe4 h4 57. Nf4 Kb5 58. Kf3 Nxf4 59.
Kxf4 h3 60. Kg3 h2 61. Kxh2 1/2-1/2

[Event "Speed Chess Super Swiss"]
[Site "chess.com INT"]
[Date "2020.10.03"]
[Round "4"]
[White "Karjakin, Sergey"]
[Black "Lazavik, Denis"]
[Result "1-0"]
[WhiteElo "2752"]
[BlackElo "2424"]
[PlyCount "101"]
[EventDate "2020.10.03"]
[EventType "swiss (blitz)"]
[EventRounds "15"]
[EventCountry "USA"]
[SourceTitle "EXT 2021"]
[Source "ChessBase"]
[SourceDate "2020.10.23"]
[SourceVersion "1"]
[SourceVersionDate "2020.10.23"]
[SourceQuality "1"]

1. e4 e5 2. Nf3 Nc6 3. Bc4 Bc5 4. c3 Nf6 5. d3 d6 6. O-O a6 7. a4 h6 8. Nbd2
O-O 9. h3 Be6 10. Bxe6 fxe6 11. b4 Ba7 12. Re1 Nh5 13. Nf1 Qf6 14. Be3 Bxe3 15.
Rxe3 Nf4 16. Kh2 Rad8 17. g3 Ng6 18. Ra2 d5 19. Ne1 b5 20. axb5 axb5 21. Rf3
Qe7 22. Rxf8+ Rxf8 23. Kg2 d4 24. Ra6 Qd7 25. Qb3 dxc3 26. Qxc3 Nd4 27. Ra2 Qe7
28. Nh2 Qg5 29. Nhf3 Nxf3 30. Nxf3 Qh5 31. Ng1 Rf7 32. Qd2 Ne7 33. Rc2 Ng6 34.
Rc5 Kh7 35. Rxb5 Nf8 36. Rc5 Ng6 37. Rc6 Nf8 38. Qe2 Qg6 39. Nf3 Qf6 40. Qe3
Ng6 41. b5 Rd7 42. h4 Ne7 43. Rc5 Nc8 44. Nxe5 Re7 45. Qf4 Nd6 46. Qxf6 gxf6
47. Nc6 Rg7 48. Nd4 Rd7 49. Nxe6 Ne8 50. Nf8+ Kg7 51. Nxd7 1-0

[Event "Speed Chess Super Swiss"]
[Site "chess.com INT"]
[Date "2020.10.03"]
[Round "5"]
[White "Ponkratov, Pavel"]
[Black "Karjakin, Sergey"]
[Result "0-1"]
[WhiteElo "2628"]
[BlackElo "2752"]
[PlyCount "76"]
[EventDate "2020.10.03"]
[EventType "swiss (blitz)"]
[EventRounds "15"]
[EventCountry "USA"]
[SourceTitle "EXT 2021"]
[Source "ChessBase"]
[SourceDate "2020.10.23"]
[SourceVersion "1"]
[SourceVersionDate "2020.10.23"]
[SourceQuality "1"]

1. d4 Nf6 2. c4 e6 3. Nc3 Bb4 4. Qd3 O-O 5. Bg5 d5 6. a3 Bxc3+ 7. bxc3 h6 8.
Bh4 c5 9. cxd5 exd5 10. Nf3 Nbd7 11. e3 Qa5 12. Nd2 Ne4 13. Nxe4 dxe4 14. Qd2
Nb6 15. Be7 cxd4 16. Bxf8 dxc3 17. Qd6 Be6 18. Qb4 Qd5 19. Rd1 Qa2 20. Bxg7 c2
21. Rc1 Kxg7 22. Qc3+ Kg6 23. Rxc2 Qd5 24. Rd2 Qf5 25. Be2 Rc8 26. Qa1 Qg5 27.
g3 Bh3 28. Bf1 Bg4 29. Bg2 Qa5 30. Bxe4+ f5 31. Bd3 Bf3 32. Rg1 Rc3 33. Qb1 Qc5
34. Rc2 Qxa3 35. Bxf5+ Kh5 36. g4+ Kh4 37. Rg3 Rxc2 38. Qxc2 Qa5+ 0-1

[Event "Speed Chess Super Swiss"]
[Site "chess.com INT"]
[Date "2020.10.03"]
[Round "6"]
[White "Karjakin, Sergey"]
[Black "Fedoseev, Vladimir1"]
[Result "0-1"]
[WhiteElo "2752"]
[BlackElo "2674"]
[PlyCount "158"]
[EventDate "2020.10.03"]
[EventType "swiss (blitz)"]
[EventRounds "15"]
[EventCountry "USA"]
[SourceTitle "EXT 2021"]
[Source "ChessBase"]
[SourceDate "2020.10.23"]
[SourceVersion "1"]
[SourceVersionDate "2020.10.23"]
[SourceQuality "1"]

1. e4 Nc6 2. d4 d5 3. e5 Bf5 4. c3 e6 5. Be3 f6 6. f4 h5 7. Nf3 Qd7 8. Nh4 Be4
9. Nd2 f5 10. Ng6 Rh6 11. Nxe4 dxe4 12. Nxf8 Kxf8 13. Qb3 Nge7 14. O-O-O Rb8
15. c4 b5 16. cxb5 Nd8 17. Qa3 Kg8 18. Qxa7 Rb7 19. Qa3 Nd5 20. Bc4 Kh7 21. Kb1
Rxb5 22. Bxb5 Qxb5 23. Rc1 Qe2 24. Rhe1 Qxg2 25. Qb3 Qxh2 26. a4 Qh4 27. a5 Nc6
28. a6 Ndb4 29. a7 Qd8 30. d5 exd5 31. Bc5 Nd3 32. Qb7 Nxa7 33. Bxa7 Nxe1 34.
Rxe1 d4 35. Rc1 d3 36. Qxc7 Qd5 37. Rg1 Rg6 38. Rxg6 Kxg6 39. Qd6+ Qxd6 40.
exd6 Kf7 41. Kc1 h4 42. Kd2 h3 43. Bg1 Ke6 44. b4 Kxd6 45. b5 Kc7 46. Kc3 Kb7
47. Kd2 g6 48. Kc3 Kc7 49. Kd2 Kd6 50. Kc3 Kd5 51. Kd2 Kd6 52. Kc3 Ke6 53. Kd2
Ke7 54. Kc3 Kd6 55. Kd2 Kd7 56. Kc3 Kc7 57. Kd2 Kb7 58. Kc3 Kb8 59. Kd2 Kc8 60.
Kc3 Kd8 61. Kd2 Ke7 62. Kc3 g5 63. Kd2 gxf4 64. Bh2 f3 65. b6 f2 66. b7 f1=Q
67. b8=Q Qe2+ 68. Kc3 Qc2+ 69. Kd4 Qc6 70. Qa7+ Ke6 71. Qb8 Qd7+ 72. Ke3 d2 73.
Qg8+ Kf6 74. Qh8+ Kg6 75. Qg8+ Qg7 76. Qe6+ Qf6 77. Qg8+ Kh5 78. Qh7+ Kg4 79.
Qg8+ Qg5+ 0-1

[Event "Speed Chess Super Swiss"]
[Site "chess.com INT"]
[Date "2020.10.03"]
[Round "7"]
[White "Jones, Gawain C B"]
[Black "Karjakin, Sergey"]
[Result "0-1"]
[WhiteElo "2670"]
[BlackElo "2752"]
[PlyCount "116"]
[EventDate "2020.10.03"]
[EventType "swiss (blitz)"]
[EventRounds "15"]
[EventCountry "USA"]
[SourceTitle "EXT 2021"]
[Source "ChessBase"]
[SourceDate "2020.10.23"]
[SourceVersion "1"]
[SourceVersionDate "2020.10.23"]
[SourceQuality "1"]

1. e4 c6 2. d4 d5 3. exd5 cxd5 4. Nf3 Nf6 5. Ne5 g6 6. Bb5+ Nbd7 7. O-O Bg7 8.
Re1 O-O 9. Nf3 Ne4 10. Nbd2 Nd6 11. Be2 Nb8 12. Nf1 Nc6 13. c3 Bg4 14. h3 Bxf3
15. Bxf3 e6 16. Bf4 a5 17. a4 Rc8 18. Ng3 b6 19. Qc1 Nc4 20. h4 Nd6 21. h5 Nxd4
22. Bd1 N4f5 23. Bg5 Bf6 24. Bf4 Nxg3 25. fxg3 d4 26. Ra3 Nc4 27. Rb3 d3 28.
Rf1 Be7 29. Bh6 Bc5+ 30. Kh2 Bd6 31. Kh3 Rc5 32. Bxf8 Qxf8 33. Rb5 d2 34. Qb1
Ne3 35. Rxc5 Bxc5 36. Rf4 Qd8 37. b4 axb4 38. cxb4 Bd6 39. Rd4 Nf5 40. Rg4 Be5
41. Qe4 Bg7 42. Qe2 gxh5 43. Rc4 h4 44. gxh4 Bd4 45. Qg4+ Kf8 46. Bc2 Qd6 47.
Rc8+ Ke7 48. Qg5+ Bf6 49. Qg8 Bxh4 50. Qf8+ Kf6 51. Qh8+ Kg5 52. Qg8+ Kf4 53.
Qg4+ Ke3 54. Rc3+ Kf2 55. Qf3+ Kg1 56. Qd1+ Be1 57. Rf3 Ne3 58. Bd3 Qh2# 0-1

[Event "Speed Chess Super Swiss"]
[Site "chess.com INT"]
[Date "2020.10.03"]
[Round "8"]
[White "Karjakin, Sergey"]
[Black "Vrolijk, Liam"]
[Result "0-1"]
[WhiteElo "2752"]
[BlackElo "2480"]
[PlyCount "132"]
[EventDate "2020.10.03"]
[EventType "swiss (blitz)"]
[EventRounds "15"]
[EventCountry "USA"]
[SourceTitle "EXT 2021"]
[Source "ChessBase"]
[SourceDate "2020.10.23"]
[SourceVersion "1"]
[SourceVersionDate "2020.10.23"]
[SourceQuality "1"]

1. b3 d5 2. Bb2 Bg4 3. h3 Bh5 4. g3 e6 5. Bg2 Nf6 6. Nf3 c6 7. O-O Nbd7 8. c4
Bd6 9. d3 O-O 10. Nbd2 Qe7 11. Nh4 Ba3 12. Bxa3 Qxa3 13. g4 Bg6 14. f4 h6 15.
Ndf3 Qc5+ 16. Rf2 Rae8 17. Qd2 Bh7 18. Raf1 Qb6 19. Kh2 e5 20. fxe5 Nxe5 21.
Nxe5 Rxe5 22. Rxf6 gxf6 23. Rxf6 Qe3 24. Qxe3 Rxe3 25. Bf3 Kg7 26. Rd6 dxc4 27.
bxc4 Rfe8 28. Ng2 R3e6 29. Rd4 Rxe2 30. Bxe2 Rxe2 31. Kg3 Rxa2 32. Nf4 Bg6 33.
Rd7 b5 34. cxb5 cxb5 35. Rb7 a6 36. d4 Rd2 37. h4 Be4 38. Re7 Rxd4 39. Ra7 Ra4
40. Nh5+ Kf8 41. Nf6 Bc6 42. Rc7 Rc4 43. Ra7 Ra4 44. Rc7 Rc4 45. Ra7 b4 46.
Rxa6 b3 47. Rb6 Rc3+ 48. Kf4 Ke7 49. g5 hxg5+ 50. hxg5 Ke6 51. Kg4 Ke5 52. Rb8
Kd4 53. Kf4 Kc5 54. Ke5 Re3+ 55. Kf4 Rf3+ 56. Ke5 Re3+ 57. Kf4 Rd3 58. Ke5 Kc4
59. Rc8 Re3+ 60. Kf4 Re6 61. Rb8 Bb5 62. Ne4 Rxe4+ 63. Kxe4 b2 64. Rc8+ Kb4 65.
Ke5 b1=Q 66. Rc7 Qg6 0-1

[Event "Speed Chess Super Swiss"]
[Site "chess.com INT"]
[Date "2020.10.03"]
[Round "9"]
[White "Saydaliev, Saidakbar"]
[Black "Karjakin, Sergey"]
[Result "0-1"]
[WhiteElo "2385"]
[BlackElo "2752"]
[PlyCount "172"]
[EventDate "2020.10.03"]
[EventType "swiss (blitz)"]
[EventRounds "15"]
[EventCountry "USA"]
[SourceTitle "EXT 2021"]
[Source "ChessBase"]
[SourceDate "2020.10.23"]
[SourceVersion "1"]
[SourceVersionDate "2020.10.23"]
[SourceQuality "1"]

1. e4 c5 2. Nc3 Nc6 3. Nge2 e6 4. g3 Nf6 5. Bg2 Be7 6. O-O O-O 7. d4 cxd4 8.
Nxd4 Qc7 9. Ndb5 Qb8 10. Bf4 e5 11. Bg5 a6 12. Na3 b5 13. Bxf6 Bxf6 14. Nd5 Bg5
15. c3 d6 16. Nc2 Be6 17. a4 bxa4 18. Qd3 Qb5 19. Rfd1 Bg4 20. Bf3 Bh3 21. Nc7
Qxd3 22. Rxd3 Rab8 23. Ra2 Rb7 24. Nd5 Rfb8 25. Ncb4 Nxb4 26. cxb4 Bd7 27. Bd1
Bc6 28. Bxa4 Bxd5 29. Rxd5 Rxb4 30. Rxd6 Rxe4 31. Rxa6 Re2 32. Bb5 Rd2 33. Bc4
g6 34. b3 Rxa2 35. Rxa2 Rb7 36. Kg2 Kg7 37. h4 Be7 38. Rd2 f5 39. Rd5 e4 40.
Rb5 Ra7 41. Bd5 Ra2 42. Rb7 Kf6 43. Rb6+ Ke5 44. Re6+ Kxd5 45. Rxe7 Kd6 46. Re8
Rb2 47. Kg1 Rxb3 48. Rh8 Rb7 49. Rd8+ Ke5 50. Ra8 Kf6 51. Kg2 Kg7 52. Ra3 Kh6
53. Re3 Kh5 54. Ra3 Kg4 55. Ra4 Rb2 56. Rd4 Re2 57. Ra4 f4 58. gxf4 e3 59. f5+
Kxf5 60. Kf3 Rxf2+ 61. Kxe3 Rb2 62. Kf3 Rb3+ 63. Kg2 h6 64. Kh2 Re3 65. Kg2 Re4
66. Ra5+ Kg4 67. h5 g5 68. Ra6 Kxh5 69. Ra3 Rg4+ 70. Kh2 Rh4+ 71. Kg2 Rf4 72.
Kg3 Kg6 73. Ra6+ Rf6 74. Ra3 h5 75. Kh3 h4 76. Kg4 Rf4+ 77. Kh3 Kh5 78. Ra5
Rf3+ 79. Kg2 Rg3+ 80. Kh2 Re3 81. Kg2 Re2+ 82. Kf3 Rb2 83. Ra8 Rb3+ 84. Kg2 Rb4
85. Kh3 g4+ 86. Kh2 Rb2+ 0-1

[Event "Speed Chess Super Swiss"]
[Site "chess.com INT"]
[Date "2020.10.03"]
[Round "10"]
[White "Karjakin, Sergey"]
[Black "Melkumyan, Hrant"]
[Result "1-0"]
[WhiteElo "2752"]
[BlackElo "2663"]
[PlyCount "145"]
[EventDate "2020.10.03"]
[EventType "swiss (blitz)"]
[EventRounds "15"]
[EventCountry "USA"]
[SourceTitle "EXT 2021"]
[Source "ChessBase"]
[SourceDate "2020.10.23"]
[SourceVersion "1"]
[SourceVersionDate "2020.10.23"]
[SourceQuality "1"]

1. b3 d6 2. Bb2 Nf6 3. c4 g6 4. Nf3 Bg7 5. g3 O-O 6. Bg2 c5 7. O-O Nc6 8. d4
cxd4 9. Nxd4 Bd7 10. Nc3 Qa5 11. e3 Rfc8 12. Rc1 Rab8 13. Qd2 a6 14. Rfd1 h5
15. h4 Bg4 16. Re1 Ne5 17. Rc2 Bd7 18. f4 Neg4 19. Nd5 Qxd2 20. Rxd2 Nxd5 21.
cxd5 Rc7 22. Kf1 Rbc8 23. Ke2 a5 24. e4 a4 25. bxa4 Bxa4 26. Rb1 Rc4 27. Bh3
Bd7 28. Bxg4 Bxg4+ 29. Ke3 Ra4 30. a3 Rcc4 31. Rc1 Bxd4+ 32. Rxd4 Rxd4 33. Bxd4
Rxa3+ 34. Rc3 Ra8 35. Rc7 Ra3+ 36. Rc3 Ra2 37. f5 f6 38. fxg6 Kg7 39. Rc7 Ra3+
40. Kd2 Kxg6 41. Rxe7 Rxg3 42. Rxb7 Rg2+ 43. Kc3 Rg3+ 44. Kb4 Rd3 45. Bc3 Bf3
46. Re7 Re3 47. Rd7 Rxe4+ 48. Kb5 Re3 49. Bd4 Re4 50. Kc4 Rxh4 51. Rxd6 Rh3 52.
Rd8 Bg4 53. d6 Kf5 54. Rf8 Ke6 55. Rxf6+ Kd7 56. Kc5 Rh1 57. Rf7+ Ke6 58. Re7+
Kf5 59. d7 Rc1+ 60. Kd6 Rd1 61. Re5+ Kf4 62. d8=Q Rxd4+ 63. Rd5 Rxd5+ 64. Kxd5
Kg3 65. Ke4 h4 66. Qd6+ Kg2 67. Qd2+ Kg3 68. Qf4+ Kh3 69. Ke3 Bc8 70. Kf2 Bb7
71. Qg5 Bh1 72. Qf5+ Kh2 73. Qg4 1-0